[Event "Niteroi op 3rd"]
[Site "Niteroi"]
[Date "2023.09.06"]
[Round "4"]
[White "Pinero Rodriguez, Carlos Jose"]
[Black "Marcolino, Daniel Mattos"]
[Result "1-0"]
[WhiteElo "2204"]
[BlackElo "1994"]
[PlyCount "66"]
[EventDate "2023.09.04"]
[EventType "swiss"]
[EventRounds "9"]
[EventCountry "BRA"]
[SourceTitle "EXT 2024"]
[Source "ChessBase"]
[SourceDate "2023.10.10"]
[SourceVersion "1"]
[SourceVersionDate "2023.10.10"]
[SourceQuality "1"]

1. d4 d5 2. c4 e6 3. Nf3 Nf6 4. g3 h6 5. Bg2 Bd6 6. 0-0 0-0 7. c5 Be7 8. Bf4 b6 9. b4 a5 10. cxb6 cxb6 11. b5 Ne4 12. Nfd2 Bb7 13. Nxe4 dxe4 14. Nd2 Qxd4 15. Nxe4 Qxd1 16. Rfxd1 Bd5 17. Be3 Nd7 18. Nc3 Bxg2 19. Rxd7 Bf6 20. Kxg2 Bxc3 21. Rc1 Bb4 22. Bxb6 Rfb8 23. Rc6 a4 24. h4 Ba3 25. h5 Bb2 26. Kf3 Bf6 27. Ke4 a3 28. g4 Ra4+ 29. Kf3 Rb4 30. Ba7 R8xb5 31. Rc8+ Kh7 32. Rxf7 Be5 33. Rff8 g6 1-0

[Event "Rio de Janeiro op 2nd"]
[Site "Rio de Janeiro"]
[Date "2023.05.03"]
[Round "3"]
[White "Marcolino, Daniel Mattos"]
[Black "Lora, Miguel Said Brasil"]
[Result "1/2-1/2"]
[WhiteElo "2006"]
[BlackElo "1606"]
[PlyCount "72"]
[EventDate "2023.05.02"]
[EventType "swiss"]
[EventRounds "9"]
[EventCountry "BRA"]
[SourceTitle "CBM 214 Extra"]
[Source "ChessBase"]
[SourceDate "2023.07.31"]
[SourceVersion "1"]
[SourceVersionDate "2023.07.31"]
[SourceQuality "1"]

1. d4 d5 2. Nf3 Nf6 3. c4 c6 4. Nbd2 Bf5 5. Nh4 Bg6 6. Nxg6 hxg6 7. Qb3 Qb6 8. c5 Qc7 9. Nf3 Nbd7 10. g3 Ne4 11. Bf4 Qa5+ 12. Bd2 Nxd2 13. Nxd2 b6 14. cxb6 Nxb6 15. e3 e6 16. Qd1 Bb4 17. a3 Bxd2+ 18. Qxd2 Qxd2+ 19. Kxd2 Kd7 20. Ba6 Rh3 21. Bf1 Rh6 22. f4 Rah8 23. h3 f6 24. b3 Nc8 25. Bg2 Nd6 26. Rac1 Rb8 27. Rb1 Rb6 28. Rhc1 Rh8 29. a4 Rhb8 30. Rc3 Nc4+ 31. Kd3 Rb4 32. e4 Nd6 33. g4 Rxa4 34. e5 Ra2 35. Rc2 Rxc2 36. Kxc2 Nb5 1/2-1/2

[Event "Titled Tuesday intern op 21st Mar Late"]
[Site "Chess.com INT"]
[Date "2023.03.21"]
[Round "4"]
[White "Jimenez, Joaquin Rodrigo"]
[Black "Marcolino, Daniel Mattos"]
[Result "1-0"]
[WhiteElo "2195"]
[BlackElo "2006"]
[PlyCount "93"]
[EventDate "2023.03.21"]
[EventType "swiss (blitz)"]
[EventRounds "11"]
[EventCountry "USA"]
[SourceTitle "EXT 2024"]
[Source "ChessBase"]
[SourceDate "2023.10.10"]
[SourceVersion "1"]
[SourceVersionDate "2023.10.10"]
[SourceQuality "1"]

1. e4 c6 2. d4 d5 3. Nd2 dxe4 4. Nxe4 Nd7 5. Bd3 Ngf6 6. Ng5 e6 7. Qe2 Bd6 8. N1f3 h6 9. Ne4 Nxe4 10. Qxe4 Qc7 11. Qg4 Kf8 12. 0-0 b6 13. b3 Bb7 14. Bb2 Nf6 15. Qh4 Nd5 16. Ne5 c5 17. Nc4 Be7 18. Qg4 Bf6 19. Rad1 Nb4 20. dxc5 Bxb2 21. cxb6 axb6 22. Nxb2 Nxd3 23. Nxd3 Rxa2 24. c4 Ra5 25. Qd4 Rg5 26. f3 h5 27. Qf4 Qxf4 28. Nxf4 Ke7 29. Rd2 Rd8 30. Rxd8 Kxd8 31. Kf2 h4 32. Ra1 Ra5 33. Rxa5 bxa5 34. Nh5 g5 35. Nf6 Ke7 36. Ng4 Kd6 37. Ke3 Kc5 38. Kd2 Kb4 39. Kc2 h3 40. gxh3 Bxf3 41. Ne5 Be4+ 42. Kb2 f6 43. Nd7 f5 44. Ne5 f4 45. Ng4 Bf3 46. Nf2 e5 47. Nd3# 1-0

[Event "Titled Tuesday intern op 21st Mar Late"]
[Site "Chess.com INT"]
[Date "2023.03.21"]
[Round "1"]
[White "Marcolino, Daniel Mattos"]
[Black "Danielyan, Vahe"]
[Result "0-1"]
[WhiteElo "2006"]
[BlackElo "2307"]
[PlyCount "50"]
[EventDate "2023.03.21"]
[EventType "swiss (blitz)"]
[EventRounds "11"]
[EventCountry "USA"]
[SourceTitle "EXT 2024"]
[Source "ChessBase"]
[SourceDate "2023.10.10"]
[SourceVersion "1"]
[SourceVersionDate "2023.10.10"]
[SourceQuality "1"]

1. d4 d5 2. Nf3 Bg4 3. Ne5 Bf5 4. g3 Nd7 5. Nxd7 Qxd7 6. Bg2 0-0-0 7. 0-0 h5 8. f3 Bh3 9. Qe1 Bxg2 10. Kxg2 h4 11. Bf4 h3+ 12. Kg1 e6 13. c3 Ne7 14. Nd2 Ng6 15. Be3 Bd6 16. Bf2 e5 17. e4 exd4 18. cxd4 Rhe8 19. a4 Bb4 20. Qd1 Bxd2 21. Qxd2 dxe4 22. fxe4 Rxe4 23. a5 Qd5 24. Be3 Rxe3 25. Qxe3 Qg2# 0-1

[Event "Titled Tuesday intern op 21st Mar Late"]
[Site "Chess.com INT"]
[Date "2023.03.21"]
[Round "5"]
[White "Marcolino, Daniel Mattos"]
[Black "Einarsson, Halldor Gretar"]
[Result "0-1"]
[WhiteElo "2006"]
[BlackElo "2216"]
[PlyCount "134"]
[EventDate "2023.03.21"]
[EventType "swiss (blitz)"]
[EventRounds "11"]
[EventCountry "USA"]
[SourceTitle "EXT 2024"]
[Source "ChessBase"]
[SourceDate "2023.10.10"]
[SourceVersion "1"]
[SourceVersionDate "2023.10.10"]
[SourceQuality "1"]

1. d4 Nf6 2. Nf3 g6 3. g3 Bg7 4. Bg2 0-0 5. 0-0 d5 6. c4 c6 7. Qb3 dxc4 8. Qxc4 b5 9. Qb3 Be6 10. Qc2 Bf5 11. Qb3 a5 12. a4 bxa4 13. Qxa4 Qb6 14. Nbd2 Qb5 15. Ne5 Qxa4 16. Rxa4 Ra6 17. Ndc4 Ne4 18. Rxa5 Rxa5 19. Nxa5 c5 20. Nac6 Nxc6 21. Nxc6 cxd4 22. Nxe7+ Kh8 23. Nxf5 gxf5 24. Bf4 Rc8 25. Bh3 Rc2 26. Bxf5 Rxe2 27. b4 d3 28. Rd1 d2 29. Bxe4 Re1+ 30. Kg2 Rxd1 31. b5 Rg1+ 32. Kxg1 d1Q+ 33. Kg2 Qd4 34. Bf3 Bf8 35. Be3 Qb4 36. b6 Bc5 37. b7 Bxe3 38. fxe3 Kg7 39. g4 Kf6 40. h3 Ke5 41. Kg3 f5 42. gxf5 Kxf5 43. Bg4+ Ke5 44. Bf3 Kf5 45. Bg4+ Kg5 46. Bf3 Qd6+ 47. Kf2 Qd2+ 48. Kg3 Qd6+ 49. Kf2 Kf5 50. Bg4+ Ke5 51. Bf3 Kf5 52. h4 Ke5 53. Kg3 h6 54. Kf2 Kf5 55. Kg2 Qe5 56. Kf2 Ke6 57. Ke2 Kd6 58. Kf2 Kc5 59. Ke2 Kc4 60. Kf2 Kd3 61. Be2+ Kd2 62. Bf3 Qxe3+ 63. Kg3 Qe5+ 64. Kf2 Kc3 65. Kg2 Kd4 66. h5 Ke3 67. Bc6 Qf4 0-1

[Event "Titled Tuesday intern op 7th Mar Late"]
[Site "Chess.com INT"]
[Date "2023.03.07"]
[Round "5"]
[White "Marcolino, Daniel Mattos"]
[Black "Ferriz Barrios, Andres"]
[Result "0-1"]
[WhiteElo "2006"]
[BlackElo "2102"]
[PlyCount "72"]
[EventDate "2023.03.07"]
[EventType "swiss (blitz)"]
[EventRounds "11"]
[EventCountry "USA"]
[SourceTitle "EXT 2024"]
[Source "ChessBase"]
[SourceDate "2023.10.10"]
[SourceVersion "1"]
[SourceVersionDate "2023.10.10"]
[SourceQuality "1"]

1. d4 Nf6 2. Nf3 d5 3. g3 c6 4. Bg2 Bf5 5. c4 e6 6. Nc3 Nbd7 7. Qb3 Qb6 8. c5 Qc7 9. Bf4 Qc8 10. Nh4 Bg6 11. Nxg6 hxg6 12. Qc2 b6 13. b4 a5 14. bxa5 bxc5 15. dxc5 Rxa5 16. Bd6 Nxc5 17. Bxf8 Rxf8 18. 0-0 Qa6 19. e4 dxe4 20. Nxe4 Ncxe4 21. Bxe4 Nxe4 22. Qxe4 Ke7 23. Qb4+ c5 24. Qb2 f6 25. Rfb1 Rd8 26. Qc2 Kf7 27. Rb2 Qc6 28. Rab1 Ra7 29. h4 Qd5 30. Rb5 Rc7 31. a4 g5 32. hxg5 Rh8 33. g6+ Ke7 34. Kf1 Qf3 35. Ke1 Rh1+ 36. Kd2 Rd7+ 0-1

[Event "Titled Tuesday intern op 7th Mar Late"]
[Site "Chess.com INT"]
[Date "2023.03.07"]
[Round "2"]
[White "Marczuk, Dominik"]
[Black "Marcolino, Daniel Mattos"]
[Result "1-0"]
[WhiteElo "2253"]
[BlackElo "2006"]
[PlyCount "109"]
[EventDate "2023.03.07"]
[EventType "swiss (blitz)"]
[EventRounds "11"]
[EventCountry "USA"]
[SourceTitle "EXT 2024"]
[Source "ChessBase"]
[SourceDate "2023.10.10"]
[SourceVersion "1"]
[SourceVersionDate "2023.10.10"]
[SourceQuality "1"]

1. e4 c6 2. d4 d5 3. f3 e6 4. Be3 Nf6 5. e5 Nfd7 6. c3 c5 7. f4 Nc6 8. Nf3 Be7 9. Bd3 0-0 10. 0-0 f6 11. Qc2 f5 12. a3 a6 13. b4 c4 14. Be2 b5 15. a4 Bb7 16. axb5 axb5 17. Nbd2 Qc7 18. h3 Rxa1 19. Rxa1 Ra8 20. Rf1 Nf8 21. g4 g6 22. Ng5 Bc8 23. Bf2 Qa7 24. Rb1 Qa2 25. Rb2 Qa1+ 26. Kg2 Bxg5 27. fxg5 Ne7 28. Bf3 Bb7 29. Nf1 Bc6 30. Ng3 Ra3 31. Ne2 Kg7 32. Nf4 Ra7 33. Be3 Qe1 34. Bf2 Qa1 35. Be3 Ra3 36. Bd2 Ra7 37. Bc1 Ra8 38. Bd1 Ra7 39. Rb1 Qa2 40. Bb2 Qa6 41. Qf2 Qb7 42. Qh4 Ra2 43. Kg1 Kg8 44. Qg3 Qa7 45. h4 fxg4 46. Bxg4 Nf5 47. Bxf5 exf5 48. h5 Qg7 49. e6 Qe7 50. hxg6 Nxg6 51. Nh5 Qxe6 52. Nf6+ Kg7 53. Qh3 h5 54. Nxh5+ Kf7 55. Nf6 1-0

[Event "Titled Tuesday intern op 7th Mar Late"]
[Site "Chess.com INT"]
[Date "2023.03.07"]
[Round "7"]
[White "Yan, Benjamin"]
[Black "Marcolino, Daniel Mattos"]
[Result "0-1"]
[WhiteElo "2111"]
[BlackElo "2006"]
[PlyCount "60"]
[EventDate "2023.03.07"]
[EventType "swiss (blitz)"]
[EventRounds "11"]
[EventCountry "USA"]
[SourceTitle "EXT 2024"]
[Source "ChessBase"]
[SourceDate "2023.10.10"]
[SourceVersion "1"]
[SourceVersionDate "2023.10.10"]
[SourceQuality "1"]

1. Nf3 d5 2. g3 Nf6 3. Bg2 e6 4. 0-0 Be7 5. c4 0-0 6. d4 dxc4 7. a4 Nc6 8. Nc3 Na5 9. e4 c5 10. d5 exd5 11. e5 Ng4 12. h3 Nb3 13. Rb1 Bf5 14. hxg4 Bxb1 15. Qxd5 Nxc1 16. Rxc1 Bd3 17. Nd2 Qxd5 18. Nxd5 Rfe8 19. Nxc4 Rad8 20. Na5 Bf8 21. Nxb7 Rb8 22. Nxc5 Bxc5 23. Rxc5 Rxb2 24. f4 h6 25. Rc7 a6 26. Ne7+ Kh8 27. Bd5 Rf8 28. Nc6 Rc2 29. Bxf7 Be4 30. Be8 Rxe8 0-1

[Event "Titled Tuesday intern op 28th Feb Late"]
[Site "Chess.com INT"]
[Date "2023.02.28"]
[Round "8"]
[White "Escalante, Rafael"]
[Black "Marcolino, Daniel Mattos"]
[Result "1-0"]
[WhiteElo "2205"]
[BlackElo "2006"]
[PlyCount "71"]
[EventDate "2023.02.28"]
[EventType "swiss (blitz)"]
[EventRounds "11"]
[EventCountry "USA"]
[SourceTitle "CBM 213 Extra"]
[Source "ChessBase"]
[SourceDate "2023.05.31"]
[SourceVersion "1"]
[SourceVersionDate "2023.05.31"]
[SourceQuality "1"]

1. Nf3 Nf6 2. d4 d5 3. c4 e6 4. Nc3 a6 5. cxd5 exd5 6. Bg5 c6 7. e3 Be6 8. Bd3 Bd6 9. Qc2 Nbd7 10. 0-0 Qc7 11. Bh4 0-0 12. Rae1 Rfe8 13. Bg3 Bg4 14. Bxd6 Qxd6 15. Nd2 Bh5 16. f4 Ng4 17. Nd1 Bg6 18. h3 Bxd3 19. Qxd3 Ngf6 20. Nf2 c5 21. Nf3 c4 22. Qc2 b5 23. a3 a5 24. Ne5 b4 25. axb4 axb4 26. Ra1 Qb6 27. Kh1 Qb7 28. Qf5 Rxa1 29. Rxa1 Nxe5 30. fxe5 Ne4 31. Nxe4 dxe4 32. Qf2 c3 33. bxc3 bxc3 34. Qc2 Qb2 35. Rc1 Rc8 36. Qxb2 1-0

[Event "Titled Tuesday intern op 28th Feb Late"]
[Site "Chess.com INT"]
[Date "2023.02.28"]
[Round "7"]
[White "Marcolino, Daniel Mattos"]
[Black "Argandona Riveiro, Inigo"]
[Result "0-1"]
[WhiteElo "2006"]
[BlackElo "2353"]
[PlyCount "102"]
[EventDate "2023.02.28"]
[EventType "swiss (blitz)"]
[EventRounds "11"]
[EventCountry "USA"]
[SourceTitle "CBM 213 Extra"]
[Source "ChessBase"]
[SourceDate "2023.05.31"]
[SourceVersion "1"]
[SourceVersionDate "2023.05.31"]
[SourceQuality "1"]

1. d4 d6 2. Nf3 Nf6 3. g3 Nbd7 4. Bg2 e5 5. 0-0 Be7 6. c4 0-0 7. Nc3 Re8 8. e4 exd4 9. Nxd4 Bf8 10. h3 Nc5 11. Qc2 a5 12. Be3 c6 13. b3 Qe7 14. Rfe1 Ncxe4 15. Nxe4 Nxe4 16. Rad1 d5 17. cxd5 cxd5 18. Bf4 Bf5 19. Nxf5 Qc5 20. Qxc5 Bxc5 21. Be3 Bb4 22. Rf1 Nc3 23. Rd3 g6 24. Nd4 Nxa2 25. Bxd5 Rad8 26. Bc4 Nc3 27. Kg2 Rb8 28. Nb5 Ne4 29. Rd7 Rf8 30. Rfd1 Nf6 31. Rc7 a4 32. Bh6 Ba5 33. Bxf8 Bxc7 34. Bd6 Bxd6 35. Nxd6 axb3 36. Bxb3 Rd8 37. Nxf7 Rxd1 38. Bxd1 Kxf7 39. Kf3 Ke6 40. Ke3 b6 41. Kd3 Kd5 42. Bf3+ Kc5 43. Kc3 Nd7 44. h4 Ne5 45. Be4 b5 46. f4 b4+ 47. Kb3 Nc4 48. g4 Nd2+ 49. Kc2 Nxe4 50. f5 gxf5 51. gxf5 Kc4 0-1

[Event "Titled Tuesday intern op 14th Feb Late"]
[Site "Chess.com INT"]
[Date "2023.02.14"]
[Round "10"]
[White "Marcolino, Daniel Mattos"]
[Black "Marin, Sebastian"]
[Result "0-1"]
[WhiteElo "2006"]
[BlackElo "2269"]
[PlyCount "102"]
[EventDate "2023.02.14"]
[EventType "swiss (blitz)"]
[EventRounds "11"]
[EventCountry "USA"]
[SourceTitle "CBM 212 Extra"]
[Source "ChessBase"]
[SourceDate "2023.03.31"]
[SourceVersion "1"]
[SourceVersionDate "2023.03.31"]
[SourceQuality "1"]

1. d4 Nf6 2. Nf3 e6 3. g3 b5 4. Bg2 Bb7 5. 0-0 c5 6. dxc5 Bxc5 7. c3 0-0 8. Qd3 a6 9. Bg5 Ra7 10. Nbd2 Be7 11. a4 bxa4 12. Rxa4 Bc6 13. Rh4 g6 14. Qe3 Rb7 15. Bxf6 Bxf6 16. Qh6 Bxh4 17. Nxh4 Bxg2 18. Nxg2 Rxb2 19. Ne4 f5 20. Qc1 Rxe2 21. Nd6 Qb6 22. Nf4 Rb2 23. Nc4 Qc7 24. Nxb2 Nc6 25. Qd2 Ne5 26. Kg2 Rc8 27. f3 Qxc3 28. Qxc3 Rxc3 29. Rf2 a5 30. Nd1 Rc5 31. Ra2 Kf7 32. Nb2 Rc2+ 33. Kh3 g5 34. Nh5 g4+ 35. fxg4 fxg4+ 36. Kh4 Rxh2+ 37. Kg5 h6+ 38. Kf4 Rxh5 39. Nd1 Rf5+ 40. Ke3 Nc6 41. Ra4 Re5+ 42. Kf4 h5 43. Ne3 Rc5 44. Nc4 Kf6 45. Nd6 Rd5 46. Ne4+ Kg6 47. Nc3 Rd4+ 48. Rxd4 Nxd4 49. Ke4 Nc6 50. Kd3 d5 51. Na2 Nb4+ 0-1

[Event "Titled Tuesday intern op 14th Feb Late"]
[Site "Chess.com INT"]
[Date "2023.02.14"]
[Round "2"]
[White "Marcolino, Daniel Mattos"]
[Black "Mujumdar, Sameer Suhas"]
[Result "0-1"]
[WhiteElo "2006"]
[BlackElo "1992"]
[PlyCount "102"]
[EventDate "2023.02.14"]
[EventType "swiss (blitz)"]
[EventRounds "11"]
[EventCountry "USA"]
[SourceTitle "CBM 212 Extra"]
[Source "ChessBase"]
[SourceDate "2023.03.31"]
[SourceVersion "1"]
[SourceVersionDate "2023.03.31"]
[SourceQuality "1"]

1. d4 Nf6 2. Nf3 g6 3. g3 Bg7 4. Bg2 0-0 5. 0-0 d6 6. b3 c6 7. Bb2 Qa5 8. Nbd2 Qh5 9. e4 Bg4 10. Re1 Nbd7 11. Qe2 e5 12. Qe3 Rfe8 13. dxe5 dxe5 14. a4 Bh6 15. Qc3 Rad8 16. Nc4 Nf8 17. Nfxe5 Bg7 18. Qb4 Bh3 19. Qxb7 Bxg2 20. Kxg2 Re6 21. Qxf7+ Kh8 22. Qxa7 Kg8 23. Qa5 Rde8 24. Nf3 Qg4 25. Rad1 Rxe4 26. Rxe4 Nxe4 27. Ne3 Qe6 28. Bxg7 Kxg7 29. Qb4 h6 30. Qd4+ Kh7 31. Qb2 Nd7 32. Nc4 Ndf6 33. Qd4 Qg4 34. h3 Qf5 35. g4 Nxg4 36. hxg4 Qxg4+ 37. Kf1 Qh3+ 38. Ke2 Nc3+ 39. Kd2 Nxd1 40. Kxd1 Qxf3+ 41. Kc1 Qd5 42. Qxd5 cxd5 43. Nd6 Re6 44. Nb5 h5 45. a5 h4 46. a6 Rxa6 47. Nc7 Rc6 48. Nxd5 h3 49. Nf6+ Rxf6 50. b4 h2 51. b5 h1Q+ 0-1

[Event "Titled Tuesday intern op 07th Feb Late"]
[Site "Chess.com INT"]
[Date "2023.02.07"]
[Round "2"]
[White "Marcolino, Daniel Mattos"]
[Black "Jonkman, Harmen"]
[Result "0-1"]
[WhiteElo "2006"]
[BlackElo "2328"]
[PlyCount "104"]
[EventDate "2023.02.07"]
[EventType "swiss (blitz)"]
[EventRounds "11"]
[EventCountry "USA"]
[SourceTitle "EXT 2024"]
[Source "ChessBase"]
[SourceDate "2023.10.10"]
[SourceVersion "1"]
[SourceVersionDate "2023.10.10"]
[SourceQuality "1"]

1. d4 Nf6 2. Nf3 e6 3. g3 d5 4. Bg2 Be7 5. 0-0 c5 6. c4 cxd4 7. cxd5 Nxd5 8. Nxd4 0-0 9. a3 Bd7 10. e4 Nb6 11. Nc3 Nc6 12. Be3 Nxd4 13. Qxd4 Bc6 14. Rfd1 Qxd4 15. Bxd4 Rfd8 16. b3 Rd7 17. a4 Rad8 18. Be3 Bf6 19. Rxd7 Rxd7 20. Rc1 Rd3 21. Bxb6 axb6 22. e5 Bxe5 23. Bxc6 bxc6 24. Ne4 Rxb3 25. Rxc6 g6 26. Ng5 h6 27. Ne4 Rb4 28. Nc3 Bxc3 29. Rxc3 Rxa4 30. Rb3 Ra6 31. f4 Kf8 32. Kf2 Ke7 33. Ke3 Kd6 34. Kd4 Kc6 35. Kc4 Ra4+ 36. Kc3 b5 37. Rb2 Ra3+ 38. Kb4 Ra4+ 39. Kb3 Kc5 40. Rc2+ Rc4 41. Rd2 Rd4 42. Rc2+ Kb6 43. Rc8 Rd7 44. Rf8 Kc5 45. g4 Kd4 46. Rh8 Ke4 47. Rxh6 Kxf4 48. Kb4 Kxg4 49. Kxb5 e5 50. Kc4 e4 51. Rh8 Re7 52. Re8 Rxe8 0-1

[Event "Titled Tuesday intern op 24th Jan Late"]
[Site "Chess.com INT"]
[Date "2023.01.24"]
[Round "11"]
[White "Mione, Dario"]
[Black "Marcolino, Daniel Mattos"]
[Result "0-1"]
[WhiteElo "2228"]
[BlackElo "2006"]
[PlyCount "144"]
[EventDate "2023.01.24"]
[EventType "swiss (blitz)"]
[EventRounds "11"]
[EventCountry "USA"]
[SourceTitle "EXT 2024"]
[Source "ChessBase"]
[SourceDate "2023.10.10"]
[SourceVersion "1"]
[SourceVersionDate "2023.10.10"]
[SourceQuality "1"]

1. e4 c6 2. d4 d5 3. e5 c5 4. c3 Nc6 5. Be2 cxd4 6. cxd4 Bf5 7. Nf3 e6 8. Nc3 Bb4 9. Bd2 Nge7 10. 0-0 0-0 11. Rc1 Bg4 12. Nb5 Bxd2 13. Qxd2 Bxf3 14. Bxf3 Nf5 15. Bg4 a6 16. Bxf5 axb5 17. Bb1 Qh4 18. Rcd1 Ra4 19. g3 Qxd4 20. Qc2 Qe4 21. Qxe4 dxe4 22. Rd7 Nxe5 23. Rxb7 Nf3+ 24. Kg2 Nd2 25. b3 Ra6 26. Re1 Nxb1 27. Rxb1 Rxa2 28. Re1 f5 29. Rxb5 Rc8 30. Kg1 Rcc2 31. Rf1 Rab2 32. b4 Rc4 33. Rd1 Rcxb4 34. Re5 Rb1 35. Rxb1 Rxb1+ 36. Kg2 Kf7 37. Rc5 Kf6 38. Ra5 Rb2 39. Kf1 g5 40. h3 h5 41. Ra8 f4 42. h4 f3 43. hxg5+ Kxg5 44. Rg8+ Kf5 45. Ke1 Rb1+ 46. Kd2 Rf1 47. Rf8+ Kg4 48. Ke3 Re1+ 49. Kd2 Re2+ 50. Kd1 Rxf2 51. Rf4+ Kxg3 52. Rxe4 Re2 53. Ra4 Re5 54. Ra8 f2 55. Rg8+ Kf3 56. Rf8+ Kg2 57. Rg8+ Kh3 58. Rf8 Kg3 59. Rg8+ Kf4 60. Rf8+ Rf5 61. Rxf5+ Kxf5 62. Ke2 Kf4 63. Kxf2 e5 64. Kg2 Ke3 65. Kf1 Kd2 66. Kf2 e4 67. Kg3 e3 68. Kh4 e2 69. Kxh5 e1Q 70. Kg6 Qe5 71. Kh6 Qg3 72. Kh7 Ke3 0-1

[Event "Titled Tuesday intern op 17th Jan Late"]
[Site "Chess.com INT"]
[Date "2023.01.17"]
[Round "2"]
[White "Chernomordik, Pavel"]
[Black "Marcolino, Daniel Mattos"]
[Result "1-0"]
[WhiteElo "2198"]
[BlackElo "2006"]
[PlyCount "41"]
[EventDate "2023.01.17"]
[EventType "swiss (blitz)"]
[EventRounds "11"]
[EventCountry "USA"]
[SourceTitle "CBM 212 Extra"]
[Source "ChessBase"]
[SourceDate "2023.03.31"]
[SourceVersion "1"]
[SourceVersionDate "2023.03.31"]
[SourceQuality "1"]

1. e4 c6 2. Nc3 d5 3. Nf3 Bg4 4. h3 Bxf3 5. Qxf3 Nf6 6. d3 e6 7. Qg3 Nbd7 8. Be2 Bb4 9. Bd2 d4 10. Nb1 Qe7 11. 0-0 Bxd2 12. Nxd2 e5 13. Qxg7 Rg8 14. Qh6 Rg6 15. Qh4 0-0-0 16. f4 Rdg8 17. Rf2 exf4 18. Qxf4 Rg3 19. Kh2 R3g6 20. Nc4 R8g7 21. Nd6+ 1-0

[Event "Titled Tuesday intern op 17th Jan Late"]
[Site "Chess.com INT"]
[Date "2023.01.17"]
[Round "5"]
[White "Slavin, Alexei"]
[Black "Marcolino, Daniel Mattos"]
[Result "1-0"]
[WhiteElo "2364"]
[BlackElo "2006"]
[PlyCount "47"]
[EventDate "2023.01.17"]
[EventType "swiss (blitz)"]
[EventRounds "11"]
[EventCountry "USA"]
[SourceTitle "CBM 212 Extra"]
[Source "ChessBase"]
[SourceDate "2023.03.31"]
[SourceVersion "1"]
[SourceVersionDate "2023.03.31"]
[SourceQuality "1"]

1. e4 c6 2. d4 d5 3. e5 c5 4. c4 cxd4 5. Qxd4 Nc6 6. Qxd5 Qxd5 7. cxd5 Nxe5 8. Bf4 Ng6 9. Bb5+ Bd7 10. Bxd7+ Kxd7 11. Bg3 Nf6 12. Nc3 a6 13. Nf3 e6 14. dxe6+ Kxe6 15. 0-0-0 Kf5 16. Nd4+ Kg5 17. h4+ Kh5 18. f3 Rd8 19. Bf2 Bd6 20. g4+ Nxg4 21. fxg4+ Kxg4 22. Rhg1+ Kh5 23. Nf5 Be5 24. Rg5# 1-0

[Event "Titled Tuesday intern op 10th Jan Late"]
[Site "Chess.com INT"]
[Date "2023.01.10"]
[Round "10"]
[White "Carbone, Diego"]
[Black "Marcolino, Daniel Mattos"]
[Result "1-0"]
[WhiteElo "2350"]
[BlackElo "2006"]
[PlyCount "31"]
[EventDate "2023.01.10"]
[EventType "swiss (blitz)"]
[EventRounds "11"]
[EventCountry "USA"]
[SourceTitle "EXT 2024"]
[Source "ChessBase"]
[SourceDate "2023.10.10"]
[SourceVersion "1"]
[SourceVersionDate "2023.10.10"]
[SourceQuality "1"]

1. d4 Nf6 2. c4 e6 3. g3 d5 4. Bg2 dxc4 5. Nf3 Nc6 6. 0-0 a6 7. e3 Rb8 8. Nfd2 Bd7 9. Nxc4 Be7 10. Nc3 0-0 11. a3 b5 12. Ne5 Na5 13. b4 Nb7 14. Bb2 Nd6 15. Qb3 Bc8 16. Nc6 1-0

[Event "Titled Tuesday intern op 10th Jan Late"]
[Site "Chess.com INT"]
[Date "2023.01.10"]
[Round "6"]
[White "Marcolino, Daniel Mattos"]
[Black "Jimenez Almeida, Luis David"]
[Result "0-1"]
[WhiteElo "2006"]
[BlackElo "2241"]
[PlyCount "48"]
[EventDate "2023.01.10"]
[EventType "swiss (blitz)"]
[EventRounds "11"]
[EventCountry "USA"]
[SourceTitle "EXT 2024"]
[Source "ChessBase"]
[SourceDate "2023.10.10"]
[SourceVersion "1"]
[SourceVersionDate "2023.10.10"]
[SourceQuality "1"]

1. d4 g6 2. Nf3 Bg7 3. g3 f5 4. Bg2 Nf6 5. 0-0 0-0 6. b3 d6 7. Bb2 Qe8 8. c4 a5 9. Nc3 c6 10. Re1 e5 11. dxe5 dxe5 12. e4 f4 13. Na4 Bg4 14. Qd6 Nfd7 15. Ng5 h6 16. Nh3 f3 17. Bf1 Na6 18. c5 Nb4 19. Red1 Rd8 20. Qc7 Nc2 21. Rac1 Nd4 22. Bxd4 exd4 23. Nf4 Be5 24. Nd3 Bxc7 0-1

[Event "Titled Tuesday intern op 10th Jan Late"]
[Site "Chess.com INT"]
[Date "2023.01.10"]
[Round "8"]
[White "Marcolino, Daniel Mattos"]
[Black "Le Goff, Ronan"]
[Result "0-1"]
[WhiteElo "2006"]
[BlackElo "2318"]
[PlyCount "40"]
[EventDate "2023.01.10"]
[EventType "swiss (blitz)"]
[EventRounds "11"]
[EventCountry "USA"]
[SourceTitle "EXT 2024"]
[Source "ChessBase"]
[SourceDate "2023.10.10"]
[SourceVersion "1"]
[SourceVersionDate "2023.10.10"]
[SourceQuality "1"]

1. d4 Nf6 2. Nf3 e6 3. g3 d5 4. Bg2 c5 5. 0-0 Nc6 6. c4 dxc4 7. Ne5 Bd7 8. Nxc4 cxd4 9. Bg5 Bc5 10. Nbd2 h6 11. Bxf6 Qxf6 12. Ne4 Qe7 13. Nxc5 Qxc5 14. Rc1 0-0 15. a3 Rfd8 16. b4 Qe7 17. Qb3 Rac8 18. Rfd1 e5 19. e3 Be6 20. Qd3 dxe3 0-1

[Event "Titled Tuesday intern op 10th Jan Late"]
[Site "Chess.com INT"]
[Date "2023.01.10"]
[Round "4"]
[White "Marcolino, Daniel Mattos"]
[Black "Szyszylo, Rafal"]
[Result "1-0"]
[WhiteElo "2006"]
[BlackElo "2093"]
[PlyCount "79"]
[EventDate "2023.01.10"]
[EventType "swiss (blitz)"]
[EventRounds "11"]
[EventCountry "USA"]
[SourceTitle "EXT 2024"]
[Source "ChessBase"]
[SourceDate "2023.10.10"]
[SourceVersion "1"]
[SourceVersionDate "2023.10.10"]
[SourceQuality "1"]

1. d4 d6 2. Nf3 Nf6 3. g3 g6 4. Bg2 Bg7 5. 0-0 0-0 6. b3 a6 7. Bb2 c6 8. Nbd2 b5 9. e4 Bb7 10. Qe2 Nbd7 11. a4 e5 12. dxe5 Ng4 13. Rfd1 Ngxe5 14. Nxe5 dxe5 15. Ba3 Re8 16. Nf1 Bf8 17. Bb2 Qc7 18. Ne3 Nc5 19. h4 Ne6 20. h5 Bc5 21. Ng4 Nd4 22. Bxd4 Bxd4 23. Nf6+ Kh8 24. Nxe8 Rxe8 25. Rac1 b4 26. hxg6 fxg6 27. Rd3 c5 28. Rf3 Kg7 29. g4 Bc8 30. Bh3 g5 31. Kh2 Re6 32. Re1 Rh6 33. Rg1 Qc6 34. Rf5 Bxf5 35. gxf5 Kf6 36. Qg4 Bxf2 37. Qxg5+ Kf7 38. Qg7+ Ke8 39. Qg8+ Ke7 40. Rg7+ 1-0